<?xml version="1.0" encoding="UTF-8"?>
<record
    xmlns:xsi="http://www.w3.org/2001/XMLSchema-instance"
    xsi:schemaLocation="http://www.loc.gov/MARC21/slim http://www.loc.gov/standards/marcxml/schema/MARC21slim.xsd"
    xmlns="http://www.loc.gov/MARC21/slim">

  <leader>00750nam a22001577a 4500</leader>
  <controlfield tag="003">OSt</controlfield>
  <controlfield tag="005">20150919102333.0</controlfield>
  <controlfield tag="008">150919b        xxu||||| |||| 00| 0 eng d</controlfield>
  <datafield tag="040" ind1=" " ind2=" ">
    <subfield code="c">RUA</subfield>
  </datafield>
  <datafield tag="082" ind1=" " ind2=" ">
    <subfield code="a">AGR MEY 2006 B034 Or.1</subfield>
  </datafield>
  <datafield tag="100" ind1=" " ind2=" ">
    <subfield code="9">836</subfield>
    <subfield code="a">MEY, POLIN.</subfield>
  </datafield>
  <datafield tag="245" ind1=" " ind2=" ">
    <subfield code="a">Effectiveness of organic and chemical fertilizer on soybean growing at royal university of agriculture &#x1794;&#x17D2;&#x179A;&#x179F;&#x17B7;&#x1791;&#x17D2;&#x1792;&#x1797;&#x17B6;&#x1796;&#x1787;&#x17B8;&#x179F;&#x179A;&#x17B8;&#x179A;&#x17B6;&#x1784;&#x17D2;&#x1782; &#x1793;&#x17B7;&#x1784;&#x1787;&#x17B8;&#x1782;&#x17B8;&#x1798;&#x17B8;&#x1791;&#x17C5;&#x179B;&#x17BE;&#x1780;&#x17B6;&#x179A;&#x178A;&#x17B6;&#x17C6;&#x178A;&#x17BB;&#x17C7;&#x178A;&#x17C6;&#x178E;&#x17B6;&#x17C6;&#x179F;&#x178E;&#x17D2;&#x178F;&#x17C2;&#x1780;&#x179F;&#x17C0;&#x1784; &#x1780;&#x17D2;&#x1793;&#x17BB;&#x1784;&#x179B;&#x1780;&#x17D2;&#x1781;&#x1781;&#x178E;&#x17D2;&#x178C;&#x179F;&#x17B6;&#x1780;&#x179B;&#x179C;&#x17B7;&#x1791;&#x17D2;&#x1799;&#x17B6;&#x179B;&#x17D0;&#x1799;&#x1797;&#x17BC;&#x1798;&#x17B7;&#x1793;&#x17D2;&#x1791;&#x1780;&#x179F;&#x17B7;&#x1780;&#x1798;&#x17D2;&#x1798;</subfield>
  </datafield>
  <datafield tag="260" ind1=" " ind2=" ">
    <subfield code="a">Phnom Penh</subfield>
    <subfield code="b">RUA</subfield>
    <subfield code="c">2006</subfield>
  </datafield>
  <datafield tag="300" ind1=" " ind2=" ">
    <subfield code="a">52p.</subfield>
    <subfield code="b">ill.</subfield>
    <subfield code="c">29cm</subfield>
  </datafield>
  <datafield tag="942" ind1=" " ind2=" ">
    <subfield code="2">ddc</subfield>
    <subfield code="c">AGR</subfield>
  </datafield>
  <datafield tag="999" ind1=" " ind2=" ">
    <subfield code="c">807</subfield>
    <subfield code="d">807</subfield>
  </datafield>
  <datafield tag="952" ind1=" " ind2=" ">
    <subfield code="0">0</subfield>
    <subfield code="1">0</subfield>
    <subfield code="2">ddc</subfield>
    <subfield code="4">0</subfield>
    <subfield code="6">AGR_MEY_2006_000000000000000_B034_OR_1</subfield>
    <subfield code="7">0</subfield>
    <subfield code="9">3213</subfield>
    <subfield code="a">LBB</subfield>
    <subfield code="b">LBB</subfield>
    <subfield code="d">2015-09-19</subfield>
    <subfield code="l">2</subfield>
    <subfield code="o">AGR MEY 2006 B034 Or.1</subfield>
    <subfield code="p">RUA008007</subfield>
    <subfield code="q">2017-03-29</subfield>
    <subfield code="r">2017-02-21</subfield>
    <subfield code="s">2017-02-21</subfield>
    <subfield code="w">2015-09-19</subfield>
    <subfield code="y">AGR</subfield>
  </datafield>
</record>
